Law Of Industrial Disputes Vol-I (Record no. 353594)

MARC details
000 -LEADER
fixed length control field 00364nam a2200145Ia 4500
008 - FIXED-LENGTH DATA ELEMENTS--GENERAL INFORMATION
fixed length control field 230511s1982 xx 000 0 und d
041 ## - LANGUAGE CODE
Language code of text/sound track or separate title eng
082 ## - DEWEY DECIMAL CLASSIFICATION NUMBER
Classification number 344.01
100 ## - MAIN ENTRY--PERSONAL NAME
Personal name Bagri P R
245 ## - TITLE STATEMENT
Title Law Of Industrial Disputes Vol-I
260 ## - PUBLICATION, DISTRIBUTION, ETC.
Place of publication, distribution, etc. New Delhi
Name of publisher, distributor, etc. Bharat Law House
Date of publication, distribution, etc. 1982
300 ## - PHYSICAL DESCRIPTION
Extent 872
365 ## - TRADE PRICE
Price amount 930
906 ## - LOCAL DATA ELEMENT F, LDF (RLIN)
a Labour and Industrial Laws
Holdings
Withdrawn status Lost status Damaged status Not for loan Home library Current library Shelving location Date acquired Source of acquisition Cost, normal purchase price Total Checkouts Full call number Barcode Date last seen Price effective from Koha item type
        New Law College, Kolhapur New Law College, Kolhapur   11/05/2023 Hind Law House 150.00   344.01 NLK-DI-49 11/05/2023 11/05/2023 Textbook